00237 a2200097 4500001000700000040003500007100002500042240003400067245002900101362000900130155847 cEscola São Tomás de Aquino aLACERDA, Maria Alice10aBrincando com as sombraslpor10aBrincando com as sombras0 a2016